Ekonomická a sociální statistika
Na minha lista:
| Autor principal: | |
|---|---|
| Autor Corporativo: | |
| Formato: | Livro |
| Idioma: | tcheco |
| Publicado em: |
Praha
Státní pedagogické nakladatelství
1982
|
| Edição: | 2. vyd. |
| Tags: |
Sem tags, seja o primeiro a adicionar uma tag!
|
MARC
| LEADER | 00000nam a2200000 4500 | ||
|---|---|---|---|
| 001 | c131605 | ||
| 005 | 20220713122214.1 | ||
| 041 | 0 | |a cze | |
| 044 | |a CZ | ||
| 245 | 1 | 0 | |a Ekonomická a sociální statistika |c Milan Matějka |
| 250 | |a 2. vyd. | ||
| 264 | 1 | |a Praha |b Státní pedagogické nakladatelství |c 1982 | |
| 300 | |a 328 s. | ||
| 100 | 1 | |a Matějka, Milan | |
| 710 | 2 | |a Vysoká škola ekonomická v Praze. Národohospodářská fakulta | |